Psychological Bases of Mass Communication: практикум по английскому языку
| Κύριος συγγραφέας: | |
|---|---|
| Συγγραφή απο Οργανισμό/Αρχή: | |
| Περίληψη: | Заглавие с титульного экрана Электронная версия печатной публикации Практикум предназначен для студентов старших курсов гуманитарного направления, обучающихся по специальности «Связи с общественностью» и изучающих профессиональный английский язык в рамках модуля «Психология массовой коммуникации». Целью практикума является развитие иноязычной профессионально-ориентированной коммуникативной компетенции. Практикум содержит аутентичные тексты и комплекс упражнений, направленные на развитие умений чтения, говорения (дискуссий и презентаций), а также на расширение словарного запаса по тематике модуля. Режим доступа: из сети НТБ ТПУ |
| Γλώσσα: | Αγγλικά |
| Έκδοση: |
Томск, Изд-во ТПУ, 2007
|
| Σειρά: | Совершенствование языковой подготовки в вузе |
| Θέματα: | |
| Διαθέσιμο Online: | http://www.lib.tpu.ru/fulltext3/m/2008/m19.pdf |
| Μορφή: | MixedMaterials Ηλεκτρονική πηγή Βιβλίο |
| KOHA link: | https://koha.lib.tpu.ru/cgi-bin/koha/opac-detail.pl?biblionumber=135802 |
MARC
| LEADER | 00000nlm0a2200000 4500 | ||
|---|---|---|---|
| 001 | 135802 | ||
| 005 | 20231031140230.0 | ||
| 035 | |a (RuTPU)RU\TPU\book\147180 | ||
| 090 | |a 135802 | ||
| 100 | |a 20080415d2007 m y0rusy50 ca | ||
| 101 | 0 | |a eng | |
| 102 | |a RU | ||
| 105 | |a y j 001zy | ||
| 135 | |a vrcn ---uucaa | ||
| 181 | 0 | |a i | |
| 182 | 0 | |a b | |
| 200 | 1 | |a Psychological Bases of Mass Communication |b Электронный ресурс |e практикум по английскому языку |f Н. А. Вакурина |g Томский политехнический университет | |
| 203 | |a Текст |c электронный | ||
| 210 | |a Томск |c Изд-во ТПУ |d 2007 | ||
| 225 | 1 | |a Совершенствование языковой подготовки в вузе | |
| 230 | |a 1 компьютерный файл (pdf; 925 KB) | ||
| 300 | |a Заглавие с титульного экрана | ||
| 300 | |a Электронная версия печатной публикации | ||
| 330 | |a Практикум предназначен для студентов старших курсов гуманитарного направления, обучающихся по специальности «Связи с общественностью» и изучающих профессиональный английский язык в рамках модуля «Психология массовой коммуникации». Целью практикума является развитие иноязычной профессионально-ориентированной коммуникативной компетенции. Практикум содержит аутентичные тексты и комплекс упражнений, направленные на развитие умений чтения, говорения (дискуссий и презентаций), а также на расширение словарного запаса по тематике модуля. | ||
| 333 | |a Режим доступа: из сети НТБ ТПУ | ||
| 337 | |a Adobe Reader | ||
| 452 | 1 | |0 (RuTPU)RU\TPU\book\155193 |t Psychological Bases of Mass Communication |o практикум по английскому языку |f Н. А. Вакурина |g Томский политехнический университет (ТПУ), Институт языковой коммуникации (ИЯК) |c Томск |n Изд-во ТПУ |d 2007 |p 70 с. |s Учебники Томского политехнического университета |a Вакурина, Наталья Анатольевна | |
| 610 | 1 | |a английский язык | |
| 610 | 1 | |a профессиональное общение | |
| 610 | 1 | |a упражнения | |
| 610 | 1 | |a практикумы | |
| 610 | 1 | |a книги для чтения | |
| 610 | 1 | |a труды учёных ТПУ | |
| 610 | 1 | |a электронный ресурс | |
| 686 | |a Ш143.21-923.4 |v LBC/SL-A |2 rubbk | ||
| 700 | 1 | |a Вакурина |b Н. А. | |
| 712 | 0 | 2 | |a Томский политехнический университет |
| 801 | 1 | |a RU |b 63413507 |c 20080415 |g PSBO | |
| 801 | 2 | |a RU |b 63413507 |c 20090708 |g PSBO | |
| 856 | 4 | |u http://www.lib.tpu.ru/fulltext3/m/2008/m19.pdf | |
| 942 | |c CF | ||